ТВ серије по романима Мир-Јам - Statistics

General Stats
  • This quiz has been taken 7 times
  • The average score is 4 of 5
Answer Stats
Hint (Година емитовања) Answer % Correct
2008-2009 Рањени орао
100%
2009-2010 Грех њене мајке
100%
2011-2012 Непобедиво срце
100%
2014 Самац у браку
71%
2015 Једне летње ноћи
57%
No matching quizzes found
Score Distribution
Percent of People with Each Score
Percentile by Number Answered
Your Score History
You have not taken this quiz